Del cansancio
Guardado en:
| Autor principal: | |
|---|---|
| Formato: | Libro |
| Lenguaje: | español |
| Publicado: |
Buenos Aires
Mardulce
2014
|
| Edición: | 1a. ed |
| Colección: | Ensayo
|
| Materias: | |
| Etiquetas: |
Agregar Etiqueta
Sin Etiquetas, Sea el primero en etiquetar este registro!
|
MARC
| LEADER | 00000cam a2200000 a 4500 | ||
|---|---|---|---|
| 001 | UCE7178 | ||
| 003 | CL-VaPUC | ||
| 008 | 150529e20140000ag |||||||||||||||||spa|d | ||
| 020 | |a 9789873731013 | ||
| 082 | 0 | 4 | |a 128.4 |b CHR |2 21 |
| 100 | 0 | |a Chretien, Jean-Louis |e author |9 579870 | |
| 245 | 1 | 0 | |a Del cansancio |
| 250 | |a 1a. ed | ||
| 300 | |a 249 p | ||
| 942 | |c BK | ||
| 945 | |d 20150529 15:00:00 |a dcastane | ||
| 260 | |a Buenos Aires |b Mardulce |c 2014 | ||
| 650 | 0 | |a Ontología |9 256850 | |
| 650 | 0 | |a Cuerpo humano |9 257169 | |
| 650 | 0 | |a Ser humano |9 413807 | |
| 650 | 0 | |a Fatiga |9 352569 | |
| 583 | |a last modification |c 20150529 15:00:00 |k Rodrigo Vera | ||
| 490 | 0 | |a Ensayo | |
| 999 | |c 359301 |d 359299 | ||
| 952 | |0 0 |1 0 |3 erb |4 0 |6 128_400000000000000_CHR_2014 |7 0 |8 A |9 468450 |a BIBTEO |b BIBTEO |e Casale Rolle, Carlos Ignacio, -2014 |i 5182867 |o 128.4 CHR 2014 |p 5182867 |r 2025-01-17 |w 2019-11-23 |y BK |z Catalogado en:20150529 |k ICR | ||